Statistics for 1960 Bands by First Names of Members

Click here to take the quiz!

General Stats

  • This quiz has been taken 107 times
  • The average score is 11 of 15

Answer Stats

HintAnswer% Correct
John, Paul, George, RingoThe Beatles
100%
Mick, Keith, Charlie, Bill, BrianThe Rolling Stones
97%
Paul, ArtSimon and Garfunkel
87%
Roger, Pete, Keith, JohnThe Who
86%
Brian, Dennis, Carl, Mike, AlThe Beach Boys
80%
Davy, Micky, Michael, PeterThe Monkees
79%
Eric, Ginger, JackCream
78%
Cass, Michelle, John, DennyThe Mamas and the Papas
76%
Mary, Paul, PeterPeter Paul and Mary
75%
Diana, Mary, FlorenceThe Supremes
75%
Jimi, Mitch, NoelThe Jimi Hendrix Experience
68%
Jim, Ray, Robby, JohnThe Doors
58%
Grace, Marty, Jorma, Paul, Jack, SpencerJefferson Airplane
57%
Frankie, Tommy, Bob, NickThe Four Seasons
52%
John, Tom, Doug, StuCreedence Clearwater Revival
36%

Score Distribution

Percentile by Number Answered

Percent of People with Each Score

Your Score History

You have not taken this quiz